| 000 | 00512nam a2200181 4500 | ||
|---|---|---|---|
| 003 | SEACOMEC | ||
| 005 | 20240823114839.0 | ||
| 008 | 240823b |||||||| |||| 00| 0 eng d | ||
| 020 |
_c120.00 _a978-1590595503 |
||
| 040 | _aSEACOMEC | ||
| 082 |
_a005 _bS827 |
||
| 100 | _aStepanek, George | ||
| 245 |
_aSoftware project secrets why software projects fail / _c George Stepanek |
||
| 260 |
_aNew Delhi _bSpringer-Verlag _c ©2005 |
||
| 300 | _axvii, 166 p. : ill | ||
| 650 | _a Computer software | ||
| 942 | _cBOOK | ||
| 999 |
_c1623 _d1623 |
||